Les 20 plus grandes villes d'Océanie sur une carte. - Statistiques

Statistiques générales
  • Ce quiz a été pris 543 fois
    381 depuis la dernière actualisation
  • Le résultat moyen est 12 sur 20
Réponses sur la Carte
Les réponses sont colorées sur une échelle allant du rouge au vert en fonction du pourcentage des utilisateurs qui les ont devinées à leur premier essai. Vous pouvez retrouver ces pourcentages ci-dessous.
 
Statistiques - réponses
Pays Population Ville % Correct
Australie 5 367 206 Sydney
100%
Nouvelle-Zélande 412 500 Wellington
94%
Australie 495 151 Canberra
93%
Australie 5 159 211 Melbourne
89%
Australie 2 125 114 Perth
88%
Nouvelle-Zélande 1 657 200 Auckland
86%
Australie 2 560 720 Brisbane
74%
Australie 1 376 601 Adélaïde
72%
Papouasie-Nouvelle-Guinée 442 438 Port-Moresby
72%
France (Nouvelle-Calédonie) 185 656 Nouméa
69%
Fidji 350 246 Suva
59%
Nouvelle-Zélande 396 700 Christchurch
48%
Îles Salomon 216 275 Honiara
48%
France (Polynésie française) 207 333 Papeete
46%
Australie 238 834 Hobart
41%
Australie 699 552 Gold Coast
29%
Australie 597 840 Newcastle
23%
Australie 314 618 Wollongong
16%
Australie 296 743 Geelong
13%
Nouvelle-Zélande 235 900 Hamilton
7%
Aucun quiz correspondant
Distribution des résultats
% des personnes avec chaque résultat
Percentile par nombre de réponses
Votre historique - résultats
Vous n’avez pas pris ce quiz depuis la dernière actualisation